NFL leading rushers 2026 - Statistics

General Stats
  • This quiz has been taken 37 times
  • The average score is 8 of 10
Answer Stats
Hint Answer % Correct
1478 Bijan Robinson
88%
1202 Christian Mccaffrey
88%
1595 Derrick Henry
88%
1223 Jahmyr Gibbs
84%
1621 James Cook
84%
1140 Saquan Barkley
81%
1585 Johnathon Taylor
75%
1350 Devon Achane
72%
1252 Kyren Williams
69%
1201 Javonte Williams
66%
No matching quizzes found
Score Distribution
Percent of People with Each Score
Percentile by Number Answered
Your Score History
You have not taken this quiz